Holiday by Nail Art Quiz Stats

 Plays Quiz Updated Oct 2, 2017

Also try: Holiday by Cupcake
Challenge
Share
Tweet
Score 0/15 Timer 05:00
7 Plays Today
% Correct
Christmas
99.7%
Easter
98.9%
Halloween
98.1%
Valentine's Day
97.6%
Independence Day
96.5%
New Year's Day
94%
Saint Patrick's Day
92.8%
Mother's Day
92.7%
% Correct
Father's Day
91.6%
Thanksgiving
91.2%
Groundhog Day
87.3%
Mardi Gras
72.2%
Hanukkah
70.7%
Talk like a Pirate Day
59.2%
Good Friday
46.9%

You're not logged in!

Compare scores with friends on all Sporcle quizzes.
Join for Free
OR
Log In

You Might Also Like...

Show Comments

Extras

Top Quizzes Today


Score Distribution

Your Account Isn't Verified!

In order to create a playlist on Sporcle, you need to verify the email address you used during registration. Go to your Sporcle Settings to finish the process.

Report this User

Report this user for behavior that violates our Community Guidelines.

Details: